000 00576nam a2200205Ia 4500
003 OSt
005 20250829164607.0
008 221004b |||||||| |||| 00| 0 eng d
020 _a9781412907569 (pbk)
037 _cTB
040 _aCRL
_cCRL
_beng
041 _2eng
_aeng
084 _aSigma:f P5
_qCL
100 _aKoshy Valsa
_9624789
245 0 _aAction resarch for improving practice
260 _c2007
650 _aSOCIAL SCIENCES
942 _hSigma:f P7
_cTB
_2cc
_n0
999 _c1029000
_d1029000